[Event "Malgrat del Mar"]
[Site "Malgrat del Mar ESP"]
[Date "1991.??.??"]
[Round "?"]
[White "Estrella Vidiella, Jordi"]
[Black "Spraggett, Kevin"]
[Result "0-1"]
[WhiteElo "2295"]
[BlackElo "2540"]
[PlyCount "60"]
[EventDate "1991.??.??"]
[EventType "tourn"]
[EventRounds "9"]
[EventCountry "ESP"]
[EventCategory "7"]
[Source "ChessBase"]
[SourceDate "2003.11.25"]

1. e4 c5 2. c3 b6 3. d4 Bb7 4. e5 e6 5. Nf3 cxd4 6. cxd4 Ne7 7. Nc3 Nd5 8. Bd3
Nxc3 9. bxc3 Qc7 10. Bd2 d6 11. O-O Nd7 12. Bf4 Be7 13. Re1 O-O 14. Re3 g6 15.
exd6 Bxd6 16. Bxd6 Qxd6 17. Ng5 Nf6 18. Qd2 Qf4 19. Nh3 Qh6 20. f4 Nd5 21. Rg3
Rac8 22. Bc2 Qg7 23. Ng5 Rxc3 24. Bb3 Rxg3 25. hxg3 Rc8 26. Nf3 Qf8 27. Rc1 Qd8
28. g4 Rxc1+ 29. Qxc1 Nf6 30. Ne5 Qxd4+ 0-1

[Event "Malgrat del Mar"]
[Site "Malgrat del Mar ESP"]
[Date "1991.??.??"]
[Round "?"]
[White "Spraggett, Kevin"]
[Black "Pablo Marin, Alejandro"]
[Result "1-0"]
[WhiteElo "2540"]
[BlackElo "2340"]
[PlyCount "105"]
[EventDate "1991.??.??"]
[EventType "tourn"]
[EventRounds "9"]
[EventCountry "ESP"]
[EventCategory "7"]
[Source "ChessBase"]
[SourceDate "2003.11.25"]

1. c4 Nf6 2. Nc3 g6 3. e4 d6 4. d4 Bg7 5. Nf3 O-O 6. Be2 e5 7. O-O Nc6 8. d5
Ne7 9. Ne1 Nd7 10. Nd3 f5 11. Bd2 Nf6 12. f3 c6 13. Rc1 Kh8 14. Nf2 f4 15. dxc6
Nxc6 16. Bd3 h5 17. Nd5 g5 18. h3 Be6 19. Bc3 Rg8 20. Be2 Nd7 21. Qd2 Rc8 22.
b3 Bf8 23. Rfd1 Rg6 24. Qb2 Kh7 25. Rd2 Nc5 26. Kf1 Bd7 27. Nb4 Nxb4 28. Bxb4
a5 29. Ba3 Qb6 30. Rcd1 g4 31. fxg4 hxg4 32. hxg4 Rh6 33. Bf3 Be7 34. Qc3 Be6
35. Ke2 Kg6 36. Rd5 Bxd5 37. exd5 Bh4 38. Bxc5 Qxc5 39. Ne4 Qa3 40. Qc2 Kg7 41.
g5 Rhh8 42. Bg4 Rc7 43. Rh1 a4 44. Kf3 axb3 45. Qxb3 Qa6 46. Rc1 Ra8 47. Be6
Qxa2 48. Qxa2 Rxa2 49. Nxd6 Kg6 50. Ne4 Bxg5 51. c5 Rh7 52. d6 Bd8 53. Bxa2 1-0

[Event "Malgrat del Mar"]
[Site "Malgrat del Mar ESP"]
[Date "1991.??.??"]
[Round "?"]
[White "Spraggett, Kevin"]
[Black "Pares Vives, Jose"]
[Result "1/2-1/2"]
[WhiteElo "2540"]
[BlackElo "2355"]
[PlyCount "83"]
[EventDate "1991.??.??"]
[EventType "tourn"]
[EventRounds "9"]
[EventCountry "ESP"]
[EventCategory "7"]
[Source "ChessBase"]
[SourceDate "2003.11.25"]

1. c4 Nf6 2. Nc3 g6 3. e4 d6 4. d4 Bg7 5. Nf3 e5 6. dxe5 dxe5 7. Qxd8+ Kxd8 8.
Nxe5 Nxe4 9. Nxe4 Bxe5 10. Bg5+ Ke8 11. Nf6+ Kf8 12. Bh6+ Ke7 13. Nd5+ Ke8 14.
O-O-O Be6 15. f4 Bxd5 16. Rxd5 Bd6 17. c5 Be7 18. Bc4 Nc6 19. Re1 Rd8 20. a3
Rd7 21. b4 Nd8 22. Rde5 Ne6 23. Bxe6 fxe6 24. Rxe6 Kf7 25. Bg7 Rhd8 26. Bc3 c6
27. Kc2 a5 28. g4 axb4 29. axb4 Ra8 30. Kb3 Rad8 31. f5 gxf5 32. Rh6 Bg5 33.
Rxh7+ Kg6 34. Rxd7 Rxd7 35. Re6+ Kf7 36. gxf5 Rd5 37. Rg6 Rxf5 38. Rg7+ Ke6 39.
Rxb7 Rf3 40. Rc7 Bd2 41. Rxc6+ Ke7 42. Rd6 1/2-1/2

[Event "Paris-ch"]
[Site "Paris FRA"]
[Date "1991.??.??"]
[Round "1"]
[White "Spraggett, Kevin"]
[Black "Petit, Eric"]
[Result "1-0"]
[WhiteElo "2495"]
[BlackElo "2245"]
[PlyCount "71"]
[EventDate "1991.??.??"]
[EventType "swiss"]
[EventRounds "9"]
[EventCountry "FRA"]

1. b3 e5 2. Bb2 Nc6 3. e3 d5 4. Bb5 Bd6 5. Nf3 f6 6. d4 e4 7. Nfd2 a6 8. Be2
Nce7 9. c4 c6 10. Ba3 f5 11. g3 Nf6 12. h4 O-O 13. Bxd6 Qxd6 14. Nc3 Be6 15.
Na4 Ng4 16. Rg1 Rae8 17. Qc2 Bc8 18. Rg2 Nxf2 19. Kxf2 f4 20. gxf4 Nf5 21. Qc3
Nxh4 22. Rag1 Nxg2 23. Rxg2 Rf5 24. cxd5 cxd5 25. Nf1 Be6 26. Nc5 Bc8 27. Kg1
Rf6 28. Nh2 Rg6 29. Ng4 Bxg4 30. Bxg4 Qe7 31. Qe1 Rd8 32. f5 Rh6 33. Ne6 Rd7
34. Nxg7 Kh8 35. f6 Qd6 36. Nf5 1-0

[Event "Paris-ch"]
[Site "Paris FRA"]
[Date "1991.??.??"]
[Round "2"]
[White "Coste, Thierry"]
[Black "Spraggett, Kevin"]
[Result "0-1"]
[WhiteElo "2225"]
[BlackElo "2495"]
[PlyCount "116"]
[EventDate "1991.??.??"]
[EventType "swiss"]
[EventRounds "9"]
[EventCountry "FRA"]

1. d4 Nf6 2. Nf3 g6 3. e3 Bg7 4. Bd3 O-O 5. O-O d6 6. Nbd2 Nc6 7. c3 e5 8. Qc2
Nh5 9. dxe5 Nxe5 10. Nxe5 dxe5 11. Re1 f5 12. e4 f4 13. Be2 Kh8 14. b3 Bf6 15.
Bb2 Qe8 16. Rad1 g5 17. g4 Ng7 18. f3 h5 19. h3 b6 20. b4 Bb7 21. a4 Kh7 22.
Bc4 Rb8 23. Bd5 Bc8 24. b5 Ne6 25. Nc4 Rh8 26. Kg2 Nf8 27. Ba3 Ng6 28. Bc6 Qf7
29. Bd5 Nh4+ 30. Kf2 Qg7 31. Rh1 Kg6 32. Nd2 Rh6 33. Qb3 a5 34. Be6 Bxe6 35.
Qxe6 Qf7 36. Qxf7+ Kxf7 37. Nc4 Ke6 38. Rd3 Ng6 39. Rhd1 hxg4 40. fxg4 Rbh8 41.
Rh1 Rh4 42. Kg2 R4h7 43. Kf2 Rh4 44. Kg2 f3+ 45. Rxf3 Nf4+ 46. Kg1 Nxh3+ 47.
Kf1 Nf4 48. Rxh4 Rxh4 49. Ne3 Rh1+ 50. Kf2 Ra1 51. Nc4 Bg7 52. Rg3 Ra2+ 53. Kf1
Rc2 54. Rf3 Bf6 55. Nb2 Be7 56. Nc4 Bxa3 57. Nxa3 Ra2 58. c4 Kd6 0-1

[Event "Paris-ch"]
[Site "Paris FRA"]
[Date "1991.??.??"]
[Round "6"]
[White "Murey, Jacob"]
[Black "Spraggett, Kevin"]
[Result "0-1"]
[WhiteElo "2440"]
[BlackElo "2495"]
[PlyCount "82"]
[EventDate "1991.??.??"]
[EventType "swiss"]
[EventRounds "9"]
[EventCountry "FRA"]

1. e4 c5 2. Nf3 d6 3. d4 cxd4 4. Nxd4 Nf6 5. Nc3 a6 6. Bg5 e6 7. f4 Qc7 8. Qf3
b5 9. f5 b4 10. Ncb5 axb5 11. fxe6 Be7 12. e5 dxe5 13. Bxf6 gxf6 14. Bxb5+ Kf8
15. Nf5 fxe6 16. Nxe7 Kxe7 17. Qxa8 Qb6 18. Qa4 Qd4 19. a3 Bd7 20. Qxb4+ Qxb4+
21. axb4 Bxb5 22. Ra7+ Nd7 23. Kf2 Rc8 24. c3 e4 25. Rha1 Kd6 26. R1a5 Bd3 27.
Rb7 f5 28. b5 Nc5 29. Rf7 Bc4 30. b6 Rb8 31. b4 Nd3+ 32. Ke3 Rxb6 33. Rxh7 Bd5
34. g3 Ne5 35. Kf2 Rc6 36. h4 Ng4+ 37. Ke1 Rxc3 38. h5 e3 39. Ra1 Rc2 40. b5
Rg2 41. Ra6+ Ke5 0-1

[Event "Torcy op"]
[Site "Torcy FRA"]
[Date "1991.??.??"]
[Round "?"]
[White "Boudre, Jean Pierre"]
[Black "Spraggett, Kevin"]
[Result "1/2-1/2"]
[WhiteElo "2365"]
[BlackElo "2495"]
[PlyCount "63"]
[EventDate "1991.??.??"]
[EventType "swiss"]
[EventRounds "9"]
[EventCountry "FRA"]

1. e4 c5 2. Nf3 e6 3. d4 cxd4 4. Nxd4 a6 5. Nc3 Qc7 6. g3 Bb4 7. Nde2 Nf6 8.
Bg2 Be7 9. O-O O-O 10. Nf4 d6 11. Nd3 Nc6 12. f4 Nd7 13. Be3 Re8 14. Kh1 Bf8
15. Bg1 b6 16. Qd2 Bb7 17. Rad1 Na5 18. f5 Nf6 19. fxe6 fxe6 20. Qe2 b5 21. e5
dxe5 22. Nxe5 Bxg2+ 23. Kxg2 Rac8 24. Ng4 Nxg4 25. Qxg4 Nc4 26. Ne4 Kh8 27. Kh3
Nxb2 28. Ng5 Nxd1 29. Nf7+ Kg8 30. Nh6+ Kh8 31. Nf7+ Kg8 32. Nh6+ 1/2-1/2

[Event "Torcy op"]
[Site "Torcy FRA"]
[Date "1991.??.??"]
[Round "?"]
[White "Kosten, Anthony"]
[Black "Spraggett, Kevin"]
[Result "1/2-1/2"]
[WhiteElo "2515"]
[BlackElo "2495"]
[PlyCount "98"]
[EventDate "1991.??.??"]
[EventType "swiss"]
[EventRounds "9"]
[EventCountry "FRA"]

1. e4 c5 2. Nf3 d6 3. d4 cxd4 4. Nxd4 Nf6 5. Nc3 a6 6. f4 e6 7. Bd3 b5 8. O-O
Bb7 9. a3 Nbd7 10. Qe2 Nc5 11. Kh1 Be7 12. b4 Nxd3 13. cxd3 O-O 14. Be3 Nd7 15.
Rac1 Bf6 16. Rc2 Rc8 17. Rfc1 Nb8 18. Nb3 Qd7 19. Bd4 Bxd4 20. Nxd4 Nc6 21. Qf2
f5 22. Nce2 fxe4 23. dxe4 Nxd4 24. Qxd4 Rxc2 25. Rxc2 e5 26. fxe5 Qg4 27. Ng3
dxe5 28. Qg1 Rd8 29. Rc1 h5 30. Qb6 Rd2 31. Qe3 Rc2 32. Qb3+ Rc4 33. Rxc4 bxc4
34. Qxc4+ Kh7 35. Qf1 Bxe4 36. Nxe4 Qxe4 37. h3 Qg6 38. a4 e4 39. Qe2 Qf5 40.
Kg1 a5 41. bxa5 Qc5+ 42. Kh1 e3 43. a6 Kh6 44. h4 Qd4 45. Kg1 Qd2 46. Kf1 Qc1+
47. Qe1 Qc4+ 48. Qe2 Qc1+ 49. Qe1 Qc4+ 1/2-1/2

[Event "Torcy op"]
[Site "Torcy FRA"]
[Date "1991.??.??"]
[Round "?"]
[White "Spraggett, Kevin"]
[Black "Bandza, Algirdas"]
[Result "1-0"]
[WhiteElo "2495"]
[BlackElo "2405"]
[PlyCount "87"]
[EventDate "1991.??.??"]
[EventType "swiss"]
[EventRounds "9"]
[EventCountry "FRA"]

1. c4 Nf6 2. Nf3 b6 3. d4 e6 4. e3 Bb7 5. Bd3 d5 6. O-O Nbd7 7. Nc3 Be7 8. b3
O-O 9. Bb2 c5 10. Qe2 Ne4 11. cxd5 exd5 12. Rfd1 Bf6 13. Ba6 Qc8 14. Bxb7 Qxb7
15. Rac1 Rac8 16. dxc5 Rxc5 17. Nxe4 dxe4 18. Nd4 Rxc1 19. Rxc1 Rc8 20. Rd1
Bxd4 21. Bxd4 Nf8 22. h3 Ne6 23. Be5 Rd8 24. Rxd8+ Nxd8 25. Qd2 Ne6 26. Qd6 h6
27. b4 Qa6 28. Qd5 Qe2 29. Qa8+ Kh7 30. Qxe4+ Kg8 31. Qb1 b5 32. a3 a6 33. Qc1
Kh7 34. Bg3 Qd3 35. h4 h5 36. Kh2 Nf8 37. Qc8 Nd7 38. Qxa6 Nf6 39. f3 Qxe3 40.
Qxb5 Qxa3 41. Qf5+ Kg8 42. Qc8+ Kh7 43. Qc2+ Kg8 44. b5 1-0

[Event "Torcy op"]
[Site "Torcy FRA"]
[Date "1991.??.??"]
[Round "?"]
[White "Spraggett, Kevin"]
[Black "Thebault, Bernard"]
[Result "1-0"]
[WhiteElo "2495"]
[BlackElo "2215"]
[PlyCount "93"]
[EventDate "1991.??.??"]
[EventType "swiss"]
[EventRounds "9"]
[EventCountry "FRA"]

1. c4 c5 2. b3 Nf6 3. Bb2 e6 4. e3 Be7 5. Nf3 b6 6. Be2 Bb7 7. O-O O-O 8. Nc3
d6 9. Rc1 Nbd7 10. Re1 Re8 11. d4 a6 12. Bd3 Bf8 13. Qe2 Qc7 14. Red1 Rad8 15.
a4 Qb8 16. d5 e5 17. Nd2 g6 18. a5 bxa5 19. Ra1 Qc7 20. e4 Rb8 21. Na4 Bc8 22.
Bc3 Bh6 23. Bc2 Nh5 24. g3 Ng7 25. Nb2 Nb6 26. Bxa5 Qd7 27. Nd3 f5 28. f3 Rf8
29. Nf2 Ne8 30. Rab1 Qe7 31. Nf1 Bg7 32. b4 cxb4 33. Rxb4 Nd7 34. exf5 gxf5 35.
g4 Rxb4 36. Bxb4 fxg4 37. fxg4 Rf4 38. Ne3 Nf8 39. Bd2 Rf7 40. Nf5 Bxf5 41.
Bxf5 Nf6 42. Ne4 Nxe4 43. Qxe4 Qh4 44. Ra1 Bh6 45. Be1 Qh3 46. Bg3 Rb7 47. g5
1-0

[Event "Torcy op"]
[Site "Torcy FRA"]
[Date "1991.??.??"]
[Round "?"]
[White "Velikov, Petar"]
[Black "Spraggett, Kevin"]
[Result "0-1"]
[WhiteElo "2425"]
[BlackElo "2495"]
[PlyCount "74"]
[EventDate "1991.??.??"]
[EventType "swiss"]
[EventRounds "9"]
[EventCountry "FRA"]

1. Nf3 Nf6 2. c4 g6 3. Nc3 Bg7 4. d4 O-O 5. Bg5 d6 6. e3 c6 7. Be2 Nbd7 8. Qc2
a6 9. O-O b5 10. Rfd1 h6 11. Bh4 bxc4 12. Bxc4 g5 13. Bg3 Nh5 14. Rac1 Rb8 15.
b3 Nxg3 16. hxg3 Qa5 17. Bd3 Bb7 18. Na4 Nb6 19. Nxb6 Qxb6 20. Nd2 a5 21. Nc4
Qc7 22. Qd2 Ra8 23. Nb2 e6 24. Na4 f5 25. Bb1 Rac8 26. Qd3 Rf6 27. Nc3 Qe7 28.
e4 fxe4 29. Nxe4 Rf5 30. Nc3 c5 31. Qe2 cxd4 32. Bxf5 dxc3 33. Bb1 d5 34. Qd3
Qc5 35. Qg6 Rc7 36. Re1 e5 37. Re2 e4 0-1

[Event "Olympiad"]
[Site "Novi Sad YUG"]
[Date "1990.11.17"]
[Round "1"]
[White "Spraggett, Kevin"]
[Black "Lhagvasuren, Cedendemberel"]
[Result "1-0"]
[WhiteElo "2540"]
[BlackElo "2385"]
[PlyCount "81"]
[EventDate "1990.11.17"]
[EventType "team"]
[EventRounds "14"]
[EventCountry "YUG"]

1. d4 Nf6 2. c4 c5 3. d5 b5 4. cxb5 a6 5. b6 d6 6. Nc3 Nbd7 7. e4 g6 8. a4 Qxb6
9. a5 Qd8 10. f4 Bg7 11. Nf3 O-O 12. Bc4 Ne8 13. O-O Nc7 14. Qe1 Nf6 15. Qh4 e6
16. dxe6 Bxe6 17. Bd3 Nh5 18. Qf2 Bg4 19. h3 Bxf3 20. Qxf3 Nb5 21. Bc4 Nd4 22.
Qd3 Nc6 23. Bd5 Nb4 24. Qf3 Nxd5 25. Nxd5 Nf6 26. Nc3 Qe7 27. f5 Qb7 28. Bg5
Rae8 29. Rfe1 Qc6 30. Rad1 Rb8 31. Re2 h6 32. Bxf6 Bxf6 33. Nd5 Bd8 34. e5 Qa4
35. Nc3 Qxa5 36. Rxd6 Bc7 37. Rf6 Qa1+ 38. Kh2 Rxb2 39. fxg6 Rxe2 40. gxf7+
Rxf7 41. Qg4+ 1-0

[Event "Olympiad"]
[Site "Novi Sad YUG"]
[Date "1990.11.18"]
[Round "2"]
[White "Schmidt, Loren"]
[Black "Spraggett, Kevin"]
[Result "1/2-1/2"]
[WhiteElo "2300"]
[BlackElo "2540"]
[PlyCount "87"]
[EventDate "1990.11.17"]
[EventType "team"]
[EventRounds "14"]
[EventCountry "YUG"]

1. d4 Nf6 2. c4 d6 3. Nc3 Nbd7 4. e4 e5 5. d5 Be7 6. Bd3 O-O 7. Nge2 c6 8. Ng3
g6 9. Bh6 Re8 10. f3 Nc5 11. Bc2 cxd5 12. cxd5 a5 13. Qd2 Bd7 14. Nf5 Bxf5 15.
exf5 Qb6 16. Be3 Qa6 17. h4 e4 18. fxg6 hxg6 19. O-O-O Rac8 20. h5 Nd3+ 21.
Bxd3 Qxd3 22. hxg6 Qxd2+ 23. Kxd2 fxg6 24. fxe4 Bf8 25. Bd4 Bg7 26. Kd3 Ng4 27.
Rh4 Ne5+ 28. Bxe5 Bxe5 29. Rh6 Kg7 30. Rdh1 Rf8 31. Rh7+ Kg8 32. Rxb7 Rf2 33.
Ne2 Rcf8 34. Nd4 Rxg2 35. Rh3 Rf1 36. Nc6 Rd1+ 37. Ke3 Rxb2 38. Rxb2 Bxb2 39.
Nxa5 Bc1+ 40. Kf3 Rd3+ 41. Kg4 Rd4 42. Kf3 Rd3+ 43. Kg4 Rd4 44. Kf3 1/2-1/2

[Event "Olympiad"]
[Site "Novi Sad YUG"]
[Date "1990.11.20"]
[Round "4"]
[White "Spraggett, Kevin"]
[Black "Nascimento, Alexandre"]
[Result "1/2-1/2"]
[WhiteElo "2540"]
[BlackElo "2385"]
[PlyCount "109"]
[EventDate "1990.11.17"]
[EventType "team"]
[EventRounds "14"]
[EventCountry "YUG"]

1. d4 Nf6 2. c4 c5 3. d5 d6 4. Nc3 g6 5. e4 Bg7 6. Bd3 O-O 7. Nge2 e6 8. O-O
exd5 9. cxd5 a6 10. a4 Nbd7 11. Kh1 Re8 12. f3 Qe7 13. Rb1 Nh5 14. g4 Nhf6 15.
Ng3 Rb8 16. Bd2 Ne5 17. Be2 b5 18. axb5 axb5 19. b4 c4 20. Be3 Bd7 21. Bd4 Rec8
22. Qd2 Ra8 23. Rg1 Ra3 24. Ra1 Rca8 25. Qb2 Rxa1 26. Rxa1 Rxa1+ 27. Qxa1 h5
28. gxh5 Nxh5 29. Nxh5 gxh5 30. f4 Ng4 31. Bxg7 Kxg7 32. Bxg4 Bxg4 33. Qe1 Qf6
34. Qg3 Kh6 35. Qe3 Kh7 36. f5 Qe5 37. Qg3 Qd4 38. h3 Bd1 39. Kg2 Qd2+ 40. Kg1
Bc2 41. Qf3 Qe1+ 42. Kh2 Qd2+ 43. Kg3 Qe1+ 44. Kf4 Qh4+ 45. Ke3 Bd3 46. f6 Qg5+
47. Qf4 Qg1+ 48. Qf2 Qg5+ 49. Qf4 Qg1+ 50. Kf3 Qf1+ 51. Kg3 Qe1+ 52. Kh2 Qxc3
53. Qf5+ Kh6 54. Qf4+ Kh7 55. Qf5+ 1/2-1/2

[Event "Olympiad"]
[Site "Novi Sad YUG"]
[Date "1990.11.27"]
[Round "10"]
[White "Spraggett, Kevin"]
[Black "Cifuentes Parada, Roberto"]
[Result "1-0"]
[WhiteElo "2540"]
[BlackElo "2480"]
[PlyCount "99"]
[EventDate "1990.11.17"]
[EventType "team"]
[EventRounds "14"]
[EventCountry "YUG"]

1. g3 d5 2. Bg2 Nf6 3. d3 e6 4. f4 g6 5. Nf3 Bg7 6. O-O b6 7. e4 dxe4 8. dxe4
Qxd1 9. Rxd1 Bb7 10. e5 Nd5 11. c4 Ne7 12. Nc3 O-O 13. Be3 Nf5 14. Bf2 h5 15.
Nb5 Rc8 16. Ng5 Bxg2 17. Kxg2 Bf8 18. h3 Be7 19. Ne4 a6 20. Nbc3 Nc6 21. g4 Nh6
22. Kf3 Rd8 23. Nf6+ Kg7 24. gxh5 Nf5 25. Nce4 Ncd4+ 26. Bxd4 Rxd4 27. Rxd4
Nxd4+ 28. Kf2 Bxf6 29. Nxf6 Rh8 30. b3 gxh5 31. Rg1+ Kh6 32. c5 Rd8 33. cxb6
cxb6 34. Rd1 Nc6 35. Rd6 Rxd6 36. exd6 Kg6 37. Nd7 Kf5 38. Ke3 b5 39. Nc5 a5
40. Nb7 Nb8 41. a4 bxa4 42. bxa4 e5 43. Nxa5 exf4+ 44. Kf3 Ke6 45. Nc4 Nd7 46.
a5 Nc5 47. Kxf4 f6 48. Kg3 f5 49. h4 Kd5 50. a6 1-0

[Event "Olympiad"]
[Site "Novi Sad YUG"]
[Date "1990.11.30"]
[Round "12"]
[White "Garbett, Paul"]
[Black "Spraggett, Kevin"]
[Result "0-1"]
[WhiteElo "2285"]
[BlackElo "2540"]
[PlyCount "86"]
[EventDate "1990.11.17"]
[EventType "team"]
[EventRounds "14"]
[EventCountry "YUG"]

1. e4 g6 2. d4 Bg7 3. Nf3 d6 4. Nc3 Nf6 5. Be2 O-O 6. O-O c6 7. h3 Nbd7 8. Re1
Qc7 9. a4 e5 10. dxe5 dxe5 11. Bc4 Nc5 12. Nd2 Be6 13. Qe2 Rfd8 14. a5 Nh5 15.
Bxe6 Nxe6 16. Nb3 Nhf4 17. Qf3 Qe7 18. Be3 h5 19. Qg3 h4 20. Qf3 Rf8 21. Bxf4
Nxf4 22. Ne2 Ne6 23. Qg4 Bh6 24. Rad1 Kh7 25. c3 Rae8 26. Kh1 f5 27. exf5 gxf5
28. Qb4 c5 29. Qa4 Rd8 30. a6 b6 31. Qc6 e4 32. Rd5 Rxd5 33. Qxd5 Qf7 34. f3
Rd8 35. Qc4 Qg6 36. fxe4 Rg8 37. Rg1 fxe4 38. g4 hxg3 39. Rxg3 Qf5 40. Kh2 Qf2+
41. Kh1 Rxg3 42. Nxg3 Qf3+ 43. Kh2 Bf4 0-1

[Event "Olympiad"]
[Site "Novi Sad YUG"]
[Date "1990.12.01"]
[Round "13"]
[White "Spraggett, Kevin"]
[Black "Gheorghiu, Florin"]
[Result "1/2-1/2"]
[WhiteElo "2540"]
[BlackElo "2500"]
[PlyCount "33"]
[EventDate "1990.11.17"]
[EventType "team"]
[EventRounds "14"]
[EventCountry "YUG"]

1. e4 c5 2. Nf3 e6 3. d3 Nc6 4. g3 g6 5. Bg2 Bg7 6. O-O Nge7 7. c3 e5 8. a3 d6
9. b4 h6 10. Nbd2 Be6 11. Bb2 O-O 12. Rb1 b5 13. Ba1 Rb8 14. Qe2 a5 15. bxc5
dxc5 16. Rfd1 a4 17. Nf1 1/2-1/2

[Event "Paris-ch op"]
[Site "Paris FRA"]
[Date "1990.??.??"]
[Round "?"]
[White "Emma, Jaime"]
[Black "Spraggett, Kevin"]
[Result "1/2-1/2"]
[WhiteElo "2405"]
[BlackElo "2555"]
[PlyCount "102"]
[EventDate "1990.05.??"]
[EventType "swiss"]
[EventRounds "9"]
[EventCountry "FRA"]

1. e4 d6 2. d4 g6 3. Nf3 Nf6 4. Nc3 Bg7 5. Be3 O-O 6. Qd2 c6 7. Bh6 Qa5 8.
O-O-O Bg4 9. h3 Bxf3 10. gxf3 Bxh6 11. Qxh6 Nbd7 12. h4 Nh5 13. Rg1 Kh8 14. f4
Ndf6 15. f5 Rg8 16. Bc4 Rg7 17. fxg6 fxg6 18. f4 b5 19. Be6 b4 20. Ne2 Nxe4 21.
f5 Qb5 22. Rde1 Qa5 23. fxg6 b3 24. Bxb3 Rxg6 25. Qe3 Nhf6 26. Nc3 Rxg1 27.
Rxg1 d5 28. Nxe4 Nxe4 29. Qf4 Nf6 30. Qe5 Re8 31. c3 Qd8 32. Ba4 Qd7 33. h5 Rg8
34. Rxg8+ Kxg8 35. Qg5+ Kf7 36. h6 Qh3 37. Bxc6 Qf1+ 38. Kc2 Qe2+ 39. Kc1 Qe1+
40. Kc2 Qe2+ 41. Kb1 Qd3+ 42. Kc1 Qf1+ 43. Kc2 Qc4 44. Bb7 Ke8 45. b3 Qb5 46.
Bc8 Qf1 47. Bf5 Qa1 48. Bxh7 Qxa2+ 49. Kc1 Qa1+ 50. Kc2 Qa2+ 51. Kc1 Qa1+
1/2-1/2

[Event "Paris-ch op"]
[Site "Paris FRA"]
[Date "1990.??.??"]
[Round "?"]
[White "Spraggett, Kevin"]
[Black "Delanoy, Arnaud"]
[Result "1-0"]
[WhiteElo "2555"]
[BlackElo "2315"]
[PlyCount "45"]
[EventDate "1990.05.??"]
[EventType "swiss"]
[EventRounds "9"]
[EventCountry "FRA"]

1. g3 Nf6 2. Bg2 e5 3. d3 Bc5 4. Nf3 d6 5. O-O O-O 6. c3 a5 7. d4 exd4 8. cxd4
Bb6 9. Nc3 Bg4 10. Bg5 Nbd7 11. h3 Bxf3 12. Bxf3 h6 13. Bxf6 Nxf6 14. Bxb7 Rb8
15. Bg2 d5 16. Rc1 Re8 17. e3 c6 18. Na4 Qd6 19. Rc3 Ne4 20. Bxe4 Rxe4 21. Qc2
Re6 22. Rc1 Rg6 23. Rxc6 1-0

[Event "Paris-ch op"]
[Site "Paris FRA"]
[Date "1990.??.??"]
[Round "?"]
[White "Spraggett, Kevin"]
[Black "Pinter, Jozsef"]
[Result "1/2-1/2"]
[WhiteElo "2555"]
[BlackElo "2555"]
[PlyCount "80"]
[EventDate "1990.05.??"]
[EventType "swiss"]
[EventRounds "9"]
[EventCountry "FRA"]

1. g3 Nf6 2. Bg2 d5 3. Nf3 c6 4. b3 Bg4 5. Bb2 Nbd7 6. O-O e6 7. c4 Bd6 8. d4
O-O 9. Nbd2 Qe7 10. Re1 Ba3 11. Qc1 Bxb2 12. Qxb2 Rad8 13. Rac1 Rfe8 14. h3 Bh5
15. Nh4 Bg6 16. a3 Be4 17. Nhf3 h6 18. b4 Bxf3 19. exf3 dxc4 20. Nxc4 Nb6 21.
Na5 a6 22. f4 g6 23. Bf3 Nc8 24. Rcd1 Nd5 25. h4 h5 26. f5 gxf5 27. Bxh5 Nd6
28. Bf3 Qf6 29. Qc1 Kh8 30. Re5 Rg8 31. Kf1 Rd7 32. Nb3 Rg7 33. Nc5 Re7 34.
Rde1 Nb5 35. Nb3 Kh7 36. Kg2 Nd6 37. Nc5 Nb5 38. Nb3 Nd6 39. Qc5 Rd7 40. Qc1
Re7 1/2-1/2

[Event "Paris-ch op"]
[Site "Paris FRA"]
[Date "1990.??.??"]
[Round "?"]
[White "Wallyn, Alexandre"]
[Black "Spraggett, Kevin"]
[Result "0-1"]
[WhiteElo "2275"]
[BlackElo "2555"]
[PlyCount "84"]
[EventDate "1990.05.??"]
[EventType "swiss"]
[EventRounds "9"]
[EventCountry "FRA"]

1. e4 d6 2. d4 g6 3. Bd3 Bg7 4. Ne2 e5 5. dxe5 dxe5 6. Nbc3 Nf6 7. Bg5 h6 8.
Be3 Ng4 9. Bc5 Nd7 10. Ba3 Bf8 11. Bxf8 Kxf8 12. O-O Kg7 13. h3 Ngf6 14. f4 c6
15. Qd2 Rf8 16. Kh1 b5 17. Rae1 Qe7 18. f5 Bb7 19. Ng3 Rad8 20. Qe3 a6 21. Be2
Qc5 22. Qxc5 Nxc5 23. b4 Ncd7 24. a3 h5 25. fxg6 fxg6 26. Bf3 Nb6 27. Rf2 Nc4
28. a4 Nd2 29. Kg1 Rd4 30. Na2 Bc8 31. c3 Rd3 32. h4 Ng4 33. Bxg4 Bxg4 34. Rxf8
Kxf8 35. Nh1 bxa4 36. Nf2 Rd6 37. Nxg4 hxg4 38. Kf2 Nc4 39. Re2 Rd3 40. Rc2 g3+
41. Ke1 Kg7 42. Re2 Kh6 0-1

[Event "Terrassa"]
[Site "Terrassa ESP"]
[Date "1990.??.??"]
[Round "1"]
[White "Georgiev, Kiril"]
[Black "Spraggett, Kevin"]
[Result "1/2-1/2"]
[WhiteElo "2605"]
[BlackElo "2555"]
[Annotator "Knaak"]
[PlyCount "61"]
[EventDate "1990.04.??"]
[EventType "tourn"]
[EventRounds "11"]
[EventCountry "ESP"]
[EventCategory "11"]
[Source "ChessBase"]
[SourceDate "2004.01.01"]

1. d4 d6 2. e4 g6 3. c4 Bg7 4. Nc3 Nf6 5. Be2 O-O 6. Nf3 e5 7. O-O Nc6 8. d5
Ne7 9. Ne1 Nd7 10. Nd3 f5 11. Bd2 Nf6 12. f3 f4 13. g4 g5 14. Be1 Ng6 15. Bf2 (
15. c5 $5) 15... h5 16. h3 c5 $5 17. Rb1 (17. dxc6 $5 bxc6 18. Nb4 Bb7 19. c5
a5 20. Qb3+ Kh8 21. Nd3 {/\ cd6}) 17... Rf7 $10 18. b4 b6 19. Kg2 Bf8 20. Rh1
Rh7 21. Qb3 Bd7 22. Rbg1 Be7 23. a4 Kg7 24. a5 Qc7 25. axb6 axb6 26. Rh2 Qc8
27. Rgh1 Qa6 28. Be1 Rah8 29. Nf2 Nh4+ 30. Kg1 Ng6 31. Qb2 1/2-1/2

[Event "Cannes op"]
[Site "Cannes FRA"]
[Date "1990.??.??"]
[Round "1"]
[White "Spraggett, Kevin"]
[Black "Banchev, Borislav"]
[Result "1-0"]
[WhiteElo "2555"]
[BlackElo "2240"]
[PlyCount "65"]
[EventDate "1990.02.??"]
[EventType "swiss"]
[EventRounds "9"]
[EventCountry "FRA"]

1. c4 e6 2. Nc3 d5 3. d4 Be7 4. cxd5 exd5 5. Bf4 c6 6. e3 Bf5 7. g4 Be6 8. h3
Bd6 9. Nge2 Ne7 10. Bxd6 Qxd6 11. Nf4 Ng6 12. Nxe6 Qxe6 13. Qb3 Qe7 14. h4 Qc7
15. O-O-O Nd7 16. h5 Ngf8 17. Kb1 Ne6 18. Bd3 Qb6 19. Qc2 h6 20. Bf5 Ndf8 21.
e4 Qa5 22. Rhe1 O-O-O 23. exd5 cxd5 24. Nxd5+ Kb8 25. Nc3 Nxd4 26. Rxd4 Rxd4
27. Re8+ Rd8 28. Qa4 Qb6 29. Qf4+ Ka8 30. Nd5 Qa5 31. Nc7+ Qxc7 32. Qxc7 Rxe8
33. Bc8 1-0

[Event "Cannes op"]
[Site "Cannes FRA"]
[Date "1990.??.??"]
[Round "2"]
[White "Lukasiewicz, Grzegorz"]
[Black "Spraggett, Kevin"]
[Result "0-1"]
[WhiteElo "2320"]
[BlackElo "2555"]
[PlyCount "78"]
[EventDate "1990.02.??"]
[EventType "swiss"]
[EventRounds "9"]
[EventCountry "FRA"]

1. d4 d6 2. Nf3 g6 3. Bg5 Bg7 4. c3 Nd7 5. e3 Ngf6 6. Be2 h6 7. Bh4 g5 8. Bg3
Nh5 9. Qc2 e6 10. Nfd2 Nxg3 11. hxg3 Qe7 12. a4 c5 13. Na3 O-O 14. O-O d5 15.
Rab1 e5 16. dxe5 Nxe5 17. Nf3 Nc6 18. Rbd1 Be6 19. Rfe1 Rac8 20. e4 d4 21. Nc4
Rcd8 22. Bf1 Rd7 23. cxd4 cxd4 24. b3 Rfd8 25. Bd3 Nb4 26. Qd2 Rc7 27. Rc1 a6
28. e5 g4 29. Nh4 b5 30. axb5 axb5 31. Nd6 Rxc1 32. Rxc1 Qg5 33. Rd1 Qxd2 34.
Rxd2 Bxe5 35. Ndf5 Nxd3 36. Rxd3 Kh7 37. f3 h5 38. Kf2 Bf6 39. Ke2 Rd5 0-1

[Event "Cannes op"]
[Site "Cannes FRA"]
[Date "1990.??.??"]
[Round "3"]
[White "Spraggett, Kevin"]
[Black "Zakic, Srdjan"]
[Result "1-0"]
[WhiteElo "2555"]
[BlackElo "2355"]
[PlyCount "81"]
[EventDate "1990.02.??"]
[EventType "swiss"]
[EventRounds "9"]
[EventCountry "FRA"]

1. c4 c5 2. g3 Nc6 3. Bg2 g6 4. Nc3 Bg7 5. Nh3 e6 6. Nf4 Nge7 7. Rb1 b6 8. b3
Bb7 9. Bb2 Qb8 10. O-O Ne5 11. Bxb7 Qxb7 12. d4 cxd4 13. Nb5 O-O 14. Bxd4 a6
15. Nd6 Qc6 16. Bb2 Nc8 17. Ba3 Rd8 18. Qd2 b5 19. Rbc1 Nxd6 20. Bxd6 bxc4 21.
Bxe5 Bxe5 22. Rxc4 Qd6 23. Nd3 Rdc8 24. Rfc1 Rxc4 25. Rxc4 Rb8 26. Qe3 Bf6 27.
Qa7 Kg7 28. Rc7 Rd8 29. Qc5 Qxc5 30. Nxc5 a5 31. Nxd7 Bb2 32. e3 Ra8 33. Rc2
Ba1 34. Nb6 Rd8 35. Rc5 Rd6 36. Nc4 Rd1+ 37. Kg2 a4 38. bxa4 Bc3 39. a5 Ra1 40.
a3 Ra2 41. a6 1-0